Central Library OPAC University of Rajshahi

The New American political system / (Record no. 57832)

MARC details
000 -LEADER
fixed length control field 01085nam a2200289 a 4500
001 - CONTROL NUMBER
control field 57832
003 - CONTROL NUMBER IDENTIFIER
rucl marc code BD-RjUL
005 - DATE AND TIME OF LATEST TRANSACTION
control field 20211209080546.0
008 - FIXED-LENGTH DATA ELEMENTS--GENERAL INFORMATION
fixed length control field 161212s1978 ii a b 001 0 eng
035 ## - SYSTEM CONTROL NUMBER
System control number (BD-RjUL)57956
040 ## - CATALOGING SOURCE
Original cataloging agency DLC
Transcribing agency DLC
Modifying agency BD-RjUL
Language of cataloging eng
041 ## - LANGUAGE CODE
Language code of text/sound track or separate title eng
082 00 - DEWEY DECIMAL CLASSIFICATION NUMBER
Classification number 320.973
Edition number 23 NEW 1978
245 14 - TITLE STATEMENT
Title The New American political system /
Statement of responsibility, etc. Samuel H. Beer ... [et al.] ; edited by Anthony King.
260 ## - PUBLICATION, DISTRIBUTION, ETC. (IMPRINT)
Place of publication, distribution, etc. Washington :
Name of publisher, distributor, etc. American Enterprise Institute for Public Policy Research,
Date of publication, distribution, etc. c1978.
300 ## - PHYSICAL DESCRIPTION
Pagination 407 p. :
Illustrations ill. ;
Size 23 cm.
490 1# - SERIES STATEMENT
Series statement AEI studies ; 213
504 ## - BIBLIOGRAPHY, ETC. NOTE
Bibliography, etc Includes bibliographical references and index.
651 #0 - SUBJECT ADDED ENTRY--GEOGRAPHIC NAME
Geographic name United States
General subdivision Politics and government
Chronological subdivision 1969-1974.
9 (RLIN) 171759
Geographic name United States
General subdivision Politics and government
Chronological subdivision 1974-1977.
9 (RLIN) 171760
Geographic name United States
General subdivision Politics and government
Chronological subdivision 1977-1981.
9 (RLIN) 171761
700 1# - ADDED ENTRY--PERSONAL NAME
Personal name Beer, Samuel H.
Fuller form of name (Samuel Hutchison),
Dates associated with a name 1911-2009.
Personal name King, Anthony Stephen.
830 #0 - SERIES ADDED ENTRY--UNIFORM TITLE
Uniform title AEI studies ;
Volume number/sequential designation 213.
942 ## - ADDED ENTRY ELEMENTS (KOHA)
Source of classification or shelving scheme Dewey Decimal Classification
Koha item type Books
Holdings
Lost status Source of classification or shelving scheme Damaged status Not for loan Collection code Permanent Location Current Location Shelving location Date acquired Source of acquisition Total Checkouts Full call number Date last seen Copy number Koha item type
  Dewey Decimal Classification   Not For Loan Non-fiction Central Library, University of Rajshahi Central Library, University of Rajshahi Reading Room 20/02/1983 Asia foundation   320.973 NEW 1978 12/12/2016 C-1 Books